А как об этом сказать? Специфические обороты русской разговорной речи

Библиографические подробности
Главный автор: Г. И. Володина
Примечания:Книга не входит в премиум-версию платформы «Русский как иностранный».
Цель пособия — познакомить с языковыми средствами (фразеологизированными оборотами и частицами), используемыми в разговорной речи для передачи дополнительных субъективных смыслов, и активизировать их в конкретных ситуациях речевого общения. Настоящее пособие адресовано лицам, имеющим базовую языковую подготовку и продолжающим совершенствовать владение языком.
Гарантированный срок размещения на платформе до 31.12.2027 (автопролонгация)
Опубликовано: Москва, «Русский язык». Курсы, 2016
Издание:А как об этом сказать? Специфические обороты русской разговорной речи
Предметы:
Online-ссылка:Перейти к просмотру издания
Формат: Электронный ресурс

MARC

LEADER 00000 a2200000 4500
001 RU/ROS-EDU.RU/79423
856 4 |u https://www.ros-edu.ru/book?id=79423  |z Перейти к просмотру издания 
010 |a 978-5-88337-353-3 
205 |a А как об этом сказать? Специфические обороты русской разговорной речи  |b 2027-12-31 
333 |a Гарантированный срок размещения на платформе до 31.12.2027 (автопролонгация) 
100 |a 20160101d2016 |||y0rusy0250   |s 2027-12-31 
105 |a y z 000zy 
101 0 |a rus 
102 |a RU 
200 1 |a А как об этом сказать? Специфические обороты русской разговорной речи  |b Электронный ресурс  |f Г. И. Володина 
700 1 |b Г. И.  |a Володина  |4 070 
330 |a Цель пособия — познакомить с языковыми средствами (фразеологизированными оборотами и частицами), используемыми в разговорной речи для передачи дополнительных субъективных смыслов, и активизировать их в конкретных ситуациях речевого общения. Настоящее пособие адресовано лицам, имеющим базовую языковую подготовку и продолжающим совершенствовать владение языком. 
210 |a Москва  |c «Русский язык». Курсы  |d 2016 
610 1 |a разговор 
610 1 |a собеседник 
610 1 |a предложение 
610 1 |a информация 
675 |a 811 
686 |a 81.2  |2 rubbk 
300 |a Книга не входит в премиум-версию платформы «Русский как иностранный». 
215 |a 248 с.